Gangs in America’s communities (Registro nro. 182964)
[ vista simple ]
| 000 -ENCABEZADO | |
|---|---|
| Número de control [NR] | 01094 a2200301 4500 |
| 005 - FECHA Y HORA DE LA ÚLTIMA TRANSACCIÓN | |
| control field | 20211105120742.0 |
| 008 - DE LONGITUD FIJA DE DATOS DE ELEMENTOS - INFORMACIÓN GENERAL | |
| Elementos de longitud fija [NR] | 131127s2019 xxud frn 001 0deng d |
| 020 ## - NUMERO INTERNACIONAL NORMALIZADO PARA LIBROS [R] | |
| ISBN Cancelado/ Invalidado [R] | 015885057 |
| 020 ## - NUMERO INTERNACIONAL NORMALIZADO PARA LIBROS [R] | |
| Número Internacional Normalizado del libro [NR] | 9781544300221 (3a.Ed.) |
| 020 ## - NUMERO INTERNACIONAL NORMALIZADO PARA LIBROS [R] | |
| Número Internacional Normalizado del libro [NR] | 9781412979535 |
| 040 ## - FUENTE DE CATALOGACION [NR] | |
| Agencia de catalogación original [NR] | Co-BoUCM |
| Idioma de catalogación [NR] | spa |
| Quien Cataloga | Deissy Garcia (modificó) |
| Quien Clasifica | Diana Londoño |
| 041 00 - CODIGO DE IDIOMA [R] | |
| Código de idioma para texto/pista de sonido o título separado [R] | Inglés |
| 100 1# - ASIENTO PRINCIPAL--NOMBRE PERSONAL [NR] | |
| Nombre personal [NR] | Howell, James C. |
| ID Autoridad | 51465 |
| 245 10 - MENCION DE TITULO [NR] | |
| Título [NR] | Gangs in America’s communities |
| Mención de responsabilidad, etc. [NR] | James C. Howell, Elizabeth Griffiths |
| 246 ## - FORMA VARIANTE DEL TITULO [R] | |
| Título propiamente dicho/forma breve del título [NR] | Gangs in America's communities |
| 250 ## - MENCION DE EDICION [NR] | |
| Mención de edición [NR] | Tercera edición |
| 260 ## - PUBLICACION, DISTRIBUCION, ETC. (PIE DE IMPRENTA) [R] | |
| Lugar de publicación, distribución, etc. [R] | Thousand Oaks |
| Nombre del editor, distribuidor, etc. [R] | SAGE Publications |
| Fecha de publicación, distribución, etc. [R] | 2019 |
| 300 ## - DESCRIPCION FISICA [R] | |
| Extensión [R] | xxiii, 366 páginas |
| Otros detalles físicos [NR] | tablas y gráficas |
| 504 ## - NOTA DE BIBLIOGRAFIA, ETC. [R] | |
| Nota de bibliografía, etc. [NR] | Incluye referencias bibliográficas e índices |
| 650 #7 - ASIENTO SECUNDARIO DE MATERIA - TERMINO TEMATICO [R] | |
| 9 (RLIN) | 12152 |
| Término temático o nombre geográfico como elemento de entrada [NR] | Criminología |
| Subdivisión geográfica [R] | Estados Unidos |
| 650 #7 - ASIENTO SECUNDARIO DE MATERIA - TERMINO TEMATICO [R] | |
| 9 (RLIN) | 7488 |
| Término temático o nombre geográfico como elemento de entrada [NR] | Delincuencia juvenil |
| Subdivisión geográfica [R] | Estados Unidos |
| 650 #7 - ASIENTO SECUNDARIO DE MATERIA - TERMINO TEMATICO [R] | |
| 9 (RLIN) | 9350 |
| Término temático o nombre geográfico como elemento de entrada [NR] | Armas |
| Subdivisión geográfica [R] | Estados Unidos |
| 690 ## - ASUNTO AGREGADO LOCAL DE ENTRADA - TÉRMINO TEMÁTICO (OCLC, RLIN) | |
| Acceso temático local | Problemas sociales |
| 9 (RLIN) | 22324 |
| 690 ## - ASUNTO AGREGADO LOCAL DE ENTRADA - TÉRMINO TEMÁTICO (OCLC, RLIN) | |
| Acceso temático local | Violencia |
| 9 (RLIN) | 422 |
| 700 10 - ASIENTO SECUNDARIO - NOMBRE PERSONAL [R] | |
| Nombre personal [NR] | Griffiths, Elizabeth |
| 9 (RLIN) | 99048 |
| 942 ## - ELEMENTOS DE ENTRADA AGREGADOS (KOHA) | |
| Tema principal | Sociología |
| Tipo de ítem principal el descrito en 300a | Libro |
| Edición | 3 |
| Parte restante de la signatura top. | H859g |
| Sistema de clasificación | DEWEY |
| Clasificación | 364.10660973 |
| Título oculto en OPAC | No |
| Fecha de último préstamo | Total préstamos | Total Renewals | Signatura topográfica | Código de barras | Última vez visto | Ejemplar | Costo de reposición | Price effective from | Tipo de ítem | Nota pública (OPAC) | Perdido | Sistema de clasificación | Dañado | No prestable | Tipo de ítem específico | Suprimido | Ubicación habitual | Ubicación actual | Localización | Fecha de creación | Proveedor | Forma de adquisición | Costo | Volúmen / Fascículo |
|---|---|---|---|---|---|---|---|---|---|---|---|---|---|---|---|---|---|---|---|---|---|---|---|---|
| 23/08/2017 | 2 | 3 | 364.10660973 H859g | 100137874 | 04/12/2025 | Ej.1 | 78600.00 | 05/11/2013 | Libro | Spot Criminología e Investigación Criminal | DEWEY | Libro | Claustro | Claustro | 3er piso | 05/11/2013 | 15 | Compra | 78600.00 | |||||
| 17/01/2020 | 2 | 364.10660973 H859g | 100164573 | 04/12/2025 | Ej.1 | 207000.00 | 18/10/2019 | Libro de reserva | Spot Criminología e Investigación Criminal | DEWEY | Libro de reserva | Claustro | Claustro | 3er piso | 18/10/2019 | 111 | Compra | 207000.00 | 3a.Ed. |